000 01082cab a2200181 4500
001 ##L133543
008 060517n2005 000 0 eng u
035 _a(Sirsi) u133543
041 0 _aeng
100 1 _aMoran, Michael
245 0 4 _aThe Central London retail property market
_ba fresh perspective
260 _c2005
490 0 _aJournal of Retail and Leisure Property
_v5(1) December 2005, 78-89(12)
520 _aAnalyses the three key areas of market performance, supply (availability of new units), demand (from retailers) and performance (achieved rental levels), to determine the state of the market. Concludes that the market is in a healthy, robust state: retailers are continuing to seek out new stores, and incumbent retailers are reluctant to give up existing space. Compares Central London's retail attractiveness with Birmingham and Manchester, and with Bluewater and the Trafford Centre. Tables and graphs. [Taken from journal abstract].
651 4 _aLONDON
690 _aPROPERTY-COMMERCIAL PROPERTY-RETAIL PROPERTY-TOWN CENTRE RETAIL PROPERTY
942 _n0
999 _c77076
_d77076